| 000 | 01191cam a22003134a 4500 | ||
|---|---|---|---|
| 001 | 741427 | ||
| 005 | 20160709125252.0 | ||
| 008 | 990408s2000 njua b 001 0 eng | ||
| 010 | _a 99027568 | ||
| 020 | _a0137605544 | ||
| 040 |
_aDLC _cDLC _dDLC |
||
| 042 | _apcc | ||
| 050 | 0 | 0 |
_aHF5686.C8 _bH59 2000 |
| 082 | 0 | 0 |
_a658.15/11 _221 |
| 100 | 1 |
_aHorngren, Charles T., _d1926- |
|
| 245 | 1 | 0 |
_aCost accounting : _ba managerial emphasis / _cCharles T. Horngren, George Foster, Srikant M. Datar. |
| 250 | _a10th ed. | ||
| 260 |
_aUpper Saddle River, NJ : _bPrentice Hall, _cc2000. |
||
| 300 |
_axxii, 906 p. : _bcol. ill. ; _c29 cm. |
||
| 440 | 0 | _aPrentice-Hall series in accounting | |
| 504 | _aIncludes bibliographical references and index. | ||
| 650 | 0 | _aCost accounting. | |
| 650 | 0 | _aCosts, Industrial. | |
| 700 | 1 |
_aFoster, George, _d1948- |
|
| 700 | 1 | _aDatar, Srikant M. | |
| 906 |
_a7 _bcbc _corignew _d1 _eocip _f19 _gy-gencatlg |
||
| 942 |
_2lcc _cBOOKS _hHF 5686 .C8H59 1999 |
||
| 999 |
_c11528 _d11528 |
||